| 000 | 00501nam a2200181Ia 4500 | ||
|---|---|---|---|
| 005 | 20250326144742.0 | ||
| 008 | 250326s9999 xx 000 0 und d | ||
| 020 | _a019-566410-8 | ||
| 037 | _aAnnuals, Advances | ||
| 040 |
_aFMSL _beng _cFMSL |
||
| 041 |
_aeng _2eng |
||
| 084 |
_aX:8e.44 P3 _qFMSL |
||
| 245 | 0 | _aIndia Infrastructure Report 2003 | |
| 260 |
_aNew Delhi _bNew Delhi, Oxford _c2003 |
||
| 300 | _a309p | ||
| 942 |
_cTB _hX:8e.44 P3 |
||
| 999 |
_c1304880 _d1304880 |
||